Quick Pick: Lunar Astronauts Quiz Stats

 Plays Quiz Updated Jul 20, 2017

     
Support Sporcle.
Go Orange.
Score 0/12 Timer 01:30
0 Plays Today
% Correct
Neil Armstrong
97.6%
Buzz Aldrin
95.7%
Alan Shepard
78.6%
Pete Conrad
67.9%
Alan Bean
66.8%
Eugene Cernan
65.2%
John Young
58.5%
James Irwin
58.3%
Harrison Schmitt
57.9%
Edgar Mitchell
57.5%
David Scott
54.8%
Charles Duke
52.3%

Today's Daily Dose

Missing Word
Brands of Alcohol

Word Ladder
A Little Room?

Get the Picture
SpongeBob Rivalry

From the Vault

Profile: George W. Bush

by jackexpo

History 5m
Just get to it, no beating around the bush.
Remove Ads.
Support Sporcle.
Get the best of Sporcle when you Go Orange. This ad-free experience offers more features, more stats, and more fun while also helping to support Sporcle. Thank you for becoming a member.

Show Comments

Extras

Top Quizzes Today


Score Distribution

Your Account Isn't Verified!

In order to create a playlist on Sporcle, you need to verify the email address you used during registration. Go to your Sporcle Settings to finish the process.

Report this User

Report this user for behavior that violates our Community Guidelines.

Details: